<?xml version="1.0" encoding="UTF-8"?>
<record
    xmlns:xsi="http://www.w3.org/2001/XMLSchema-instance"
    xsi:schemaLocation="http://www.loc.gov/MARC21/slim http://www.loc.gov/standards/marcxml/schema/MARC21slim.xsd"
    xmlns="http://www.loc.gov/MARC21/slim">

  <leader>00894nam a22002417a 4500</leader>
  <datafield tag="952" ind1=" " ind2=" ">
    <subfield code="a">0001</subfield>
    <subfield code="b">0001</subfield>
    <subfield code="d">2022-05-31</subfield>
    <subfield code="l">0</subfield>
    <subfield code="o">338.9 K24 2017</subfield>
    <subfield code="p">020454</subfield>
    <subfield code="r">2022-05-31 00:00:00</subfield>
    <subfield code="w">2022-05-31</subfield>
    <subfield code="y">BKS</subfield>
  </datafield>
  <datafield tag="999" ind1=" " ind2=" ">
    <subfield code="c">14926</subfield>
    <subfield code="d">14926</subfield>
  </datafield>
  <controlfield tag="003">MIRAKIL</controlfield>
  <controlfield tag="005">20220531145428.0</controlfield>
  <controlfield tag="008">220531b        tu ||||| |||| 00| 0 tur d</controlfield>
  <datafield tag="020" ind1=" " ind2=" ">
    <subfield code="a">9789750522772</subfield>
  </datafield>
  <datafield tag="040" ind1=" " ind2=" ">
    <subfield code="a">TR-AnCHP</subfield>
    <subfield code="c">TR-AnCHP</subfield>
  </datafield>
  <datafield tag="041" ind1=" " ind2=" ">
    <subfield code="a">tur</subfield>
  </datafield>
  <datafield tag="082" ind1=" " ind2=" ">
    <subfield code="a">338.9</subfield>
    <subfield code="b">K24 2017</subfield>
  </datafield>
  <datafield tag="245" ind1="1" ind2="0">
    <subfield code="a">Kalk&#x131;nma iktisad&#x131;n&#x131;n penceresinden T&#xFC;rkiye'ye bakmak : </subfield>
    <subfield code="b">Fikret &#x15E;enses'e arma&#x11F;an / </subfield>
    <subfield code="c">derleyenler Hasan C&#xF6;mert, Emre &#xD6;z&#xE7;elik, Ebru Voyvoda</subfield>
  </datafield>
  <datafield tag="260" ind1=" " ind2=" ">
    <subfield code="a">&#x130;stanbul : </subfield>
    <subfield code="b">&#x130;leti&#x15F;im yay&#x131;nlar&#x131;,</subfield>
    <subfield code="c">2017.</subfield>
  </datafield>
  <datafield tag="300" ind1=" " ind2=" ">
    <subfield code="a">312 s. : </subfield>
    <subfield code="b">&#x15F;kl., tbl. ; </subfield>
    <subfield code="c">19 sm.</subfield>
  </datafield>
  <datafield tag="490" ind1="0" ind2=" ">
    <subfield code="a">&#x130;leti&#x15F;im yay&#x131;nlar&#x131; ; </subfield>
    <subfield code="a">Ara&#x15F;t&#x131;rma-inceleme dizisi ; </subfield>
    <subfield code="v">2541. </subfield>
    <subfield code="v">420.</subfield>
  </datafield>
  <datafield tag="504" ind1=" " ind2=" ">
    <subfield code="a">Kaynak&#xE7;a b&#xF6;l&#xFC;m sonlar&#x131;ndad&#x131;r.</subfield>
  </datafield>
  <datafield tag="650" ind1=" " ind2="0">
    <subfield code="9">5840</subfield>
    <subfield code="a">Ekonomik kalk&#x131;nma</subfield>
    <subfield code="x">T&#xFC;rkiye</subfield>
  </datafield>
  <datafield tag="700" ind1=" " ind2=" ">
    <subfield code="9">7104</subfield>
    <subfield code="a">C&#xF6;mert, Hasan,</subfield>
    <subfield code="e">der.</subfield>
  </datafield>
  <datafield tag="700" ind1=" " ind2=" ">
    <subfield code="9">7105</subfield>
    <subfield code="a">&#xD6;z&#xE7;elik, Emre,</subfield>
    <subfield code="e">der.</subfield>
  </datafield>
  <datafield tag="700" ind1=" " ind2=" ">
    <subfield code="9">7106</subfield>
    <subfield code="a">Voyvoda, Ebru</subfield>
    <subfield code="e">der.</subfield>
  </datafield>
  <datafield tag="942" ind1=" " ind2=" ">
    <subfield code="2">ddc</subfield>
    <subfield code="c">BKS</subfield>
  </datafield>
</record>
